UK by Picture - A - Statistics

General Stats
  • This quiz has been taken 64 times
  • The average score is 11 of 16
Answer Stats
Picture Hint Answer % Correct
Football Club Arsenal F.C.
98%
Singer Adele
97%
Broadcaster David Attenborough
86%
Legendary King Arthur
85%
Album Abbey Road
80%
Car Manufacturer Aston Martin
78%
Style of Beer Ale
71%
Landmark Angel of the North
66%
Novelist Jane Austen
66%
Island Anglesey
58%
Dessert Apple Crumble
56%
'Great' King Alfred
51%
Grand National Venue Aintree Racecourse
44%
Rock Band Arctic Monkeys
42%
Singer Lily Allen
42%
County Antrim
37%
No matching quizzes found
Score Distribution
Percent of People with Each Score
Percentile by Number Answered
Your Score History
You have not taken this quiz